Bienville National Forest, Mississippi /

Bibliographic Details
Corporate Authors: United States. Forest Service. Southern Region, Geometronics Service Center (U.S.)
Format: Map
Language:English
Published: Atlanta, Ga. : U.S. Dept. of Agriculture, Forest Service, Southern Region, 1994.
Edition:[1994 rev. ed.].
Subjects:

MARC

Tag First Indicator Second Indicator Subfields
LEADER 00000cem a2200000 a 4500
001 in00002784729
005 20151202172127.0
007 aj canzn
008 961114s1994 gaug cp a f 1 eng
010 |a  96685906  
034 1 |a a  |b 126720  |d W0894500  |e W0891500  |f N0373000  |g N0320000 
035 |a (OCoLC)ocm36045761 
035 |a (OCoLC)36045761 
040 |a DLC  |b eng  |c DLC  |d OCL  |d OCLCQ  |d TXA  |d UtOrBLW 
043 |a n-us-ms 
049 |a TXAM 
050 0 0 |a G3982.B5 1994  |b .U5 
052 |a 3982  |b B5 
110 1 |a United States.  |b Forest Service.  |b Southern Region. 
245 1 0 |a Bienville National Forest, Mississippi /  |c constructed at the Regional Office, Atlanta, Georgia in 1981 ; drafted at U.S. Forest Service, Geometronics Service Center, Salt Lake City, Utah, 1982. 
250 |a [1994 rev. ed.]. 
255 |a Scale 1:126,720 ;  |b Polyconic proj.  |c (W 89°45ʹ--W 89°15ʹ/N 37°30ʹ--N 32°00ʹ). 
264 1 |a Atlanta, Ga. :  |b U.S. Dept. of Agriculture, Forest Service, Southern Region,  |c 1994. 
300 |a 1 map :  |b color ;  |c 64 x 47 cm., folded to 23 x 11 cm. 
336 |a cartographic image  |b cri  |2 rdacontent 
337 |a unmediated  |b n  |2 rdamedia 
338 |a sheet  |b nb  |2 rdacarrier 
500 |a "Recreation guide R8-RG 151. April 1994." 
500 |a Relief shown by spot heights. 
500 |a "Ownership modified for 1994 reprint." 
500 |a "Land status current as of December 1983." 
500 |a "Forest Service map." 
500 |a "Choctaw meridian." 
500 |a Includes table/index of recreation sites, location map, and index map. 
500 |a Tourist information and col. ill. on verso. 
500 |a Cartographic material. 
651 0 |a Bienville National Forest (Miss.)  |v Maps. 
710 2 |a Geometronics Service Center (U.S.) 
948 |a Cataloged  |b h  |c 2012/12/18  |d c  |e smckenzi 
994 |a C0  |b TXA 
999 |a MARS 
999 f f |s 015f3a0c-fa5b-3db1-9dc9-cff0a5e9cda5  |i 17200495-1954-3680-beea-9ca3eb67b395  |t 0 
952 f f |p normal  |a Texas A&M University  |b College Station  |c Sterling C. Evans Library  |d Evans: Maps (2nd floor)  |t 0  |e G3982.B5 1994 .U5  |h Library of Congress classification  |i unmediated -- sheet  |m A14841392667 
998 f f |a G3982.B5 1994 .U5  |t 0  |l Evans: Maps (2nd floor)